<?xml version="1.0" encoding="UTF-8"?>
<record
    xmlns:xsi="http://www.w3.org/2001/XMLSchema-instance"
    xsi:schemaLocation="http://www.loc.gov/MARC21/slim http://www.loc.gov/standards/marcxml/schema/MARC21slim.xsd"
    xmlns="http://www.loc.gov/MARC21/slim">

  <leader>01106cam a2200301 a 4500</leader>
  <controlfield tag="001">19583</controlfield>
  <controlfield tag="003">BD-RjUL</controlfield>
  <controlfield tag="005">20211209000442.0</controlfield>
  <controlfield tag="008">140225s1994    ii a          000 0 eng  </controlfield>
  <datafield tag="020" ind1=" " ind2=" ">
    <subfield code="a">8170173086 :</subfield>
  </datafield>
  <datafield tag="035" ind1=" " ind2=" ">
    <subfield code="a">(BD-RjUL)19643</subfield>
  </datafield>
  <datafield tag="040" ind1=" " ind2=" ">
    <subfield code="a">DLC</subfield>
    <subfield code="c">DLC</subfield>
    <subfield code="d">DLC</subfield>
    <subfield code="d">BD-RjUL</subfield>
    <subfield code="b">eng</subfield>
  </datafield>
  <datafield tag="041" ind1=" " ind2=" ">
    <subfield code="a">eng</subfield>
  </datafield>
  <datafield tag="082" ind1="0" ind2="4">
    <subfield code="a">732.4454</subfield>
    <subfield code="b">SHB 1994</subfield>
  </datafield>
  <datafield tag="100" ind1="1" ind2=" ">
    <subfield code="a">Sharma, R. C.</subfield>
    <subfield code="q">(Ramesh Chandra),</subfield>
    <subfield code="d">1936-2006.</subfield>
    <subfield code="9">60168</subfield>
  </datafield>
  <datafield tag="245" ind1="1" ind2="0">
    <subfield code="a">Bharhut sculptures /</subfield>
    <subfield code="c">R.C. Sharma.</subfield>
  </datafield>
  <datafield tag="260" ind1=" " ind2=" ">
    <subfield code="a">New Delhi :</subfield>
    <subfield code="b">Abhinav Publications,</subfield>
    <subfield code="c">c1994.</subfield>
  </datafield>
  <datafield tag="300" ind1=" " ind2=" ">
    <subfield code="a">52 p. :</subfield>
    <subfield code="b">ill. (some col.) ;</subfield>
    <subfield code="c">29 cm.</subfield>
  </datafield>
  <datafield tag="520" ind1=" " ind2=" ">
    <subfield code="a">Introduction to the remains of the Sunga period, 2nd-1st century B.C. from the stupa at Bharhut village in Madhya Pradesh.</subfield>
  </datafield>
  <datafield tag="600" ind1="0" ind2="0">
    <subfield code="a">Gautama Buddha</subfield>
    <subfield code="x">Shrines</subfield>
    <subfield code="z">India</subfield>
    <subfield code="z">Bharhut.</subfield>
    <subfield code="9">60174</subfield>
  </datafield>
  <datafield tag="650" ind1=" " ind2="0">
    <subfield code="a">Buddhist relief (Sculpture)</subfield>
    <subfield code="z">India</subfield>
    <subfield code="z">Bharhut.</subfield>
    <subfield code="9">60170</subfield>
  </datafield>
  <datafield tag="650" ind1=" " ind2="0">
    <subfield code="a">Relief (Sculpture), Indic</subfield>
    <subfield code="z">India</subfield>
    <subfield code="z">Bharhut.</subfield>
    <subfield code="9">60171</subfield>
  </datafield>
  <datafield tag="650" ind1=" " ind2="0">
    <subfield code="a">St&#x16B;pas</subfield>
    <subfield code="z">India</subfield>
    <subfield code="z">Bharhut.</subfield>
    <subfield code="9">60172</subfield>
  </datafield>
  <datafield tag="650" ind1=" " ind2="0">
    <subfield code="a">Buddhist art and symbolism</subfield>
    <subfield code="z">India</subfield>
    <subfield code="z">Bharhut.</subfield>
    <subfield code="9">60173</subfield>
  </datafield>
  <datafield tag="942" ind1=" " ind2=" ">
    <subfield code="2">ddc</subfield>
    <subfield code="c">BK</subfield>
  </datafield>
  <datafield tag="999" ind1=" " ind2=" ">
    <subfield code="c">19583</subfield>
    <subfield code="d">19583</subfield>
  </datafield>
  <datafield tag="952" ind1=" " ind2=" ">
    <subfield code="0">0</subfield>
    <subfield code="1">0</subfield>
    <subfield code="2">ddc</subfield>
    <subfield code="4">0</subfield>
    <subfield code="7">0</subfield>
    <subfield code="a">RUCL</subfield>
    <subfield code="b">RUCL</subfield>
    <subfield code="c">Stack</subfield>
    <subfield code="d">2005-10-08</subfield>
    <subfield code="e">Paragon Ent., Dhaka</subfield>
    <subfield code="g">450.00</subfield>
    <subfield code="l">0</subfield>
    <subfield code="o">732.4454 SHB 1994</subfield>
    <subfield code="r">2014-02-25 00:00:00</subfield>
    <subfield code="t">C-2</subfield>
    <subfield code="w">2014-02-25</subfield>
    <subfield code="y">BK</subfield>
  </datafield>
  <datafield tag="952" ind1=" " ind2=" ">
    <subfield code="0">0</subfield>
    <subfield code="1">0</subfield>
    <subfield code="2">ddc</subfield>
    <subfield code="4">0</subfield>
    <subfield code="7">1</subfield>
    <subfield code="8">NFIC</subfield>
    <subfield code="a">RUCL</subfield>
    <subfield code="b">RUCL</subfield>
    <subfield code="c">Reading</subfield>
    <subfield code="d">2005-10-08</subfield>
    <subfield code="e">Dhaka, Paragon Enterprise</subfield>
    <subfield code="g">450.00</subfield>
    <subfield code="l">0</subfield>
    <subfield code="o">732.4454 SHB 1994</subfield>
    <subfield code="r">2020-01-02 00:00:00</subfield>
    <subfield code="t">C-1</subfield>
    <subfield code="w">2020-01-02</subfield>
    <subfield code="y">BK</subfield>
  </datafield>
</record>
